<?xml version="1.0" encoding="UTF-8"?><record xmlns="http://www.loc.gov/MARC21/slim" xmlns:zs="http://docs.oasis-open.org/ns/search-ws/sruResponse">
  <leader>04292cas a2200769 a 4500</leader>
  <controlfield tag="001">11280253</controlfield>
  <controlfield tag="005">20250701134025.7</controlfield>
  <controlfield tag="008">770118d18851982aludr ne      0   a0eng  </controlfield>
  <datafield ind1=" " ind2=" " tag="010">
    <subfield code="a">sn 84020645 </subfield>
    <subfield code="z">   76644900 </subfield>
  </datafield>
  <datafield ind1=" " ind2=" " tag="019">
    <subfield code="a">4046873</subfield>
    <subfield code="a">4046956</subfield>
    <subfield code="a">4047021</subfield>
  </datafield>
  <datafield ind1="0" ind2=" " tag="022">
    <subfield code="a">2993-9143</subfield>
    <subfield code="2">1</subfield>
  </datafield>
  <datafield ind1="1" ind2=" " tag="029">
    <subfield code="a">AU@</subfield>
    <subfield code="b">000020451102</subfield>
  </datafield>
  <datafield ind1=" " ind2=" " tag="035">
    <subfield code="a">(OCoLC)2685433</subfield>
  </datafield>
  <datafield ind1=" " ind2=" " tag="040">
    <subfield code="a">DLC</subfield>
    <subfield code="b">eng</subfield>
    <subfield code="c">DLC</subfield>
    <subfield code="d">NSD</subfield>
    <subfield code="d">DLC</subfield>
    <subfield code="d">OCL</subfield>
    <subfield code="d">CPN</subfield>
    <subfield code="d">DLC</subfield>
    <subfield code="d">CPN</subfield>
    <subfield code="d">DLC</subfield>
    <subfield code="d">KNP</subfield>
    <subfield code="d">NLG</subfield>
    <subfield code="d">KNP</subfield>
    <subfield code="d">MGN</subfield>
    <subfield code="d">CRL</subfield>
    <subfield code="d">NVF</subfield>
    <subfield code="d">NVK</subfield>
    <subfield code="d">DLC</subfield>
    <subfield code="d">FUG</subfield>
    <subfield code="d">DLC</subfield>
    <subfield code="d">CUI</subfield>
    <subfield code="d">OCLCQ</subfield>
    <subfield code="d">OCLCF</subfield>
    <subfield code="d">OCLCQ</subfield>
    <subfield code="d">DLC</subfield>
    <subfield code="d">OCLCL</subfield>
  </datafield>
  <datafield ind1=" " ind2=" " tag="042">
    <subfield code="a">pcc</subfield>
    <subfield code="a">nsdp</subfield>
  </datafield>
  <datafield ind1=" " ind2=" " tag="043">
    <subfield code="a">n-us-al</subfield>
  </datafield>
  <datafield ind1="0" ind2="0" tag="050">
    <subfield code="a">Newspaper</subfield>
  </datafield>
  <datafield ind1=" " ind2="4" tag="050">
    <subfield code="a">AN</subfield>
  </datafield>
  <datafield ind1="1" ind2="0" tag="082">
    <subfield code="a">071.3</subfield>
    <subfield code="2">23</subfield>
    <subfield code="1">https://id.oclc.org/worldcat/ddc/E3MJ87dMTw4ByGq4RJYrdRdTc3</subfield>
  </datafield>
  <datafield ind1="0" ind2=" " tag="130">
    <subfield code="a">Montgomery advertiser (Montgomery, Ala. : Daily)</subfield>
  </datafield>
  <datafield ind1=" " ind2="4" tag="222">
    <subfield code="a">The Montgomery advertiser</subfield>
    <subfield code="b">(Montgomery, Ala. Daily. Print)</subfield>
  </datafield>
  <datafield ind1="1" ind2="4" tag="245">
    <subfield code="a">The Montgomery advertiser.</subfield>
  </datafield>
  <datafield ind1="3" ind2="0" tag="246">
    <subfield code="a">Saturday morning</subfield>
  </datafield>
  <datafield ind1="3" ind2="0" tag="246">
    <subfield code="a">Montgomery advertiser and Alabama journal</subfield>
  </datafield>
  <datafield ind1="3" ind2="0" tag="246">
    <subfield code="a">Montgomery advertiser/Alabama journal</subfield>
  </datafield>
  <datafield ind1="1" ind2="7" tag="246">
    <subfield code="a">Daily advertiser</subfield>
  </datafield>
  <datafield ind1=" " ind2=" " tag="260">
    <subfield code="a">Montgomery, Ala. :</subfield>
    <subfield code="b">Screws, Cory &amp; Glass,</subfield>
    <subfield code="c">1885-1982.</subfield>
  </datafield>
  <datafield ind1=" " ind2=" " tag="300">
    <subfield code="a">volumes :</subfield>
    <subfield code="b">illustrations</subfield>
  </datafield>
  <datafield ind1=" " ind2=" " tag="310">
    <subfield code="a">Daily</subfield>
  </datafield>
  <datafield ind1=" " ind2=" " tag="321">
    <subfield code="a">Daily (except Monday),</subfield>
    <subfield code="b">&lt;May 6, 1886-Oct. 28, 1888&gt;</subfield>
  </datafield>
  <datafield ind1=" " ind2=" " tag="336">
    <subfield code="a">text</subfield>
    <subfield code="b">txt</subfield>
    <subfield code="2">rdacontent</subfield>
  </datafield>
  <datafield ind1=" " ind2=" " tag="337">
    <subfield code="a">unmediated</subfield>
    <subfield code="b">n</subfield>
    <subfield code="2">rdamedia</subfield>
  </datafield>
  <datafield ind1=" " ind2=" " tag="338">
    <subfield code="a">volume</subfield>
    <subfield code="b">nc</subfield>
    <subfield code="2">rdacarrier</subfield>
  </datafield>
  <datafield ind1="0" ind2=" " tag="362">
    <subfield code="a">New ser. v. 21, no. 24 (Aug. 16, 1885)-new ser. v. 35, no. 323 (July 19, 1900) ; v. 71, no. 168 (July 20, 1900)-155th year, no. 47 (Nov. 21, 1982).</subfield>
  </datafield>
  <datafield ind1=" " ind2=" " tag="500">
    <subfield code="a">On Saturday published as: Saturday morning, Apr. 2, 1977-Apr. 1, 1978; The Montgomery advertiser/Alabama journal, Apr. 8, 1978-Nov. 20, 1982.</subfield>
  </datafield>
  <datafield ind1=" " ind2=" " tag="500">
    <subfield code="a">On Sunday published as: Montgomery advertiser and Alabama journal, Dec. 1, 1940-Nov. 21, 1982.</subfield>
  </datafield>
  <datafield ind1=" " ind2=" " tag="500">
    <subfield code="a">Publisher varies: Advertiser Co., &lt;1887&gt;</subfield>
  </datafield>
  <datafield ind1=" " ind2=" " tag="515">
    <subfield code="a">Numbering is irregular.</subfield>
  </datafield>
  <datafield ind1=" " ind2=" " tag="515">
    <subfield code="a">Issues for Aug 16, 1885-July 19, 1899 called also Old ser. v. 54-v. 68.</subfield>
  </datafield>
  <datafield ind1=" " ind2=" " tag="530">
    <subfield code="a">Also issued on microfilm from the University of Alabama Library, and the Library of Congress, Photoduplication Services.</subfield>
  </datafield>
  <datafield ind1=" " ind2=" " tag="530">
    <subfield code="a">Archived issues are available in digital format from the Library of Congress Chronicling America online collection.</subfield>
  </datafield>
  <datafield ind1=" " ind2=" " tag="580">
    <subfield code="a">Weekly eds.: Montgomery weekly advertiser, and: Weekly advertiser (Montgomery, Ala.), and: Montgomery advertiser (Montgomery, Ala. : Weekly).</subfield>
  </datafield>
  <datafield ind1=" " ind2="0" tag="651">
    <subfield code="a">Montgomery (Ala.)</subfield>
    <subfield code="v">Newspapers.</subfield>
  </datafield>
  <datafield ind1=" " ind2="0" tag="651">
    <subfield code="a">Montgomery County (Ala.)</subfield>
    <subfield code="v">Newspapers.</subfield>
  </datafield>
  <datafield ind1=" " ind2="7" tag="651">
    <subfield code="a">Alabama</subfield>
    <subfield code="z">Montgomery.</subfield>
    <subfield code="2">fast</subfield>
    <subfield code="0">(OCoLC)fst01202689</subfield>
    <subfield code="1">https://id.oclc.org/worldcat/entity/E39PBJcGt6kkGwQHTRcvGrGPwC</subfield>
  </datafield>
  <datafield ind1=" " ind2="7" tag="651">
    <subfield code="a">Alabama</subfield>
    <subfield code="z">Montgomery County.</subfield>
    <subfield code="2">fast</subfield>
    <subfield code="0">(OCoLC)fst01214111</subfield>
    <subfield code="1">https://id.oclc.org/worldcat/entity/E39PBJyrYfKHw9JYm3tkchpVmd</subfield>
  </datafield>
  <datafield ind1=" " ind2="7" tag="655">
    <subfield code="a">Newspapers.</subfield>
    <subfield code="2">fast</subfield>
    <subfield code="0">(OCoLC)fst01423814</subfield>
  </datafield>
  <datafield ind1=" " ind2=" " tag="752">
    <subfield code="a">United States</subfield>
    <subfield code="b">Alabama</subfield>
    <subfield code="c">Montgomery</subfield>
    <subfield code="d">Montgomery.</subfield>
  </datafield>
  <datafield ind1="1" ind2=" " tag="775">
    <subfield code="t">Montgomery weekly advertiser</subfield>
    <subfield code="w">(DLC)sn 84023567</subfield>
    <subfield code="w">(OCoLC)11033694</subfield>
  </datafield>
  <datafield ind1="1" ind2=" " tag="775">
    <subfield code="t">Weekly advertiser (Montgomery, Ala.)</subfield>
    <subfield code="w">(DLC)sn 86050479</subfield>
    <subfield code="w">(OCoLC)15024078</subfield>
  </datafield>
  <datafield ind1="1" ind2=" " tag="775">
    <subfield code="t">Montgomery advertiser (Montgomery, Ala. : Weekly)</subfield>
    <subfield code="w">(DLC)sn 86050480</subfield>
    <subfield code="w">(OCoLC)15024198</subfield>
  </datafield>
  <datafield ind1="1" ind2=" " tag="776">
    <subfield code="c">(Microfilm)</subfield>
    <subfield code="d">Library of Congress</subfield>
    <subfield code="w">(DLC)  2001229023</subfield>
    <subfield code="w">(OCoLC)45959003</subfield>
  </datafield>
  <datafield ind1="0" ind2="8" tag="776">
    <subfield code="i">Online version:</subfield>
    <subfield code="t">Montgomery advertiser (Montgomery, Ala. : Daily)</subfield>
    <subfield code="x">2993-9151</subfield>
    <subfield code="w">(DLC)  2023270666</subfield>
    <subfield code="w">(OCoLC)1393208361</subfield>
  </datafield>
  <datafield ind1="0" ind2="0" tag="780">
    <subfield code="t">Montgomery daily advertiser (Montgomery, Ala. : 1858)</subfield>
    <subfield code="w">(DLC)sn 84023549</subfield>
    <subfield code="w">(OCoLC)10896753</subfield>
  </datafield>
  <datafield ind1="0" ind2="0" tag="785">
    <subfield code="t">Advertiser (Montgomery, Ala.)</subfield>
    <subfield code="x">0745-3221</subfield>
    <subfield code="w">(DLC)sn 82008412</subfield>
    <subfield code="w">(OCoLC)9049482</subfield>
  </datafield>
  <datafield ind1="4" ind2="1" tag="859">
    <subfield code="u">https://hdl.loc.gov/loc.sgp/chronam.sn84020645</subfield>
  </datafield>
  <datafield ind1=" " ind2=" " tag="906">
    <subfield code="a">7</subfield>
    <subfield code="b">cbc</subfield>
    <subfield code="c">serials</subfield>
    <subfield code="d">2</subfield>
    <subfield code="e">ncip</subfield>
    <subfield code="f">19</subfield>
    <subfield code="g">n-oclcserc</subfield>
  </datafield>
  <datafield ind1="0" ind2=" " tag="925">
    <subfield code="a">Acquire</subfield>
    <subfield code="b">1 shelf copy</subfield>
    <subfield code="x">Policy default</subfield>
  </datafield>
  <datafield ind1=" " ind2=" " tag="955">
    <subfield code="a">db08 02-09-00; to Ser 02-10-00</subfield>
    <subfield code="k">sr02 2023-08-09</subfield>
  </datafield>
  <datafield ind1=" " ind2=" " tag="955">
    <subfield code="a">LCAP batch update 2025-06-01-04:00: LCAPM-893</subfield>
  </datafield>
  <datafield ind1=" " ind2=" " tag="890">
    <subfield code="a">Montgomery advertiser. (H.E. Martin) Montgomery, Ala.</subfield>
    <subfield code="i">(DLC) 76643881</subfield>
  </datafield>
  <datafield ind1=" " ind2=" " tag="890">
    <subfield code="a">Montgomery advertiser. (H.E. Martin) Montgomery, Ala.</subfield>
    <subfield code="i">(DLC) 76643882</subfield>
  </datafield>
  <datafield ind1=" " ind2=" " tag="890">
    <subfield code="a">Montgomery advertiser. (H.E. Martin) Montgomery, Ala.</subfield>
    <subfield code="i">(DLC) 76644900</subfield>
  </datafield>
  <datafield ind1=" " ind2=" " tag="890">
    <subfield code="a">Montgomery advertiser. (H.E. Martin) Montgomery, Ala.</subfield>
    <subfield code="i">(DLC0 76645138</subfield>
  </datafield>
  <datafield ind1=" " ind2=" " tag="984">
    <subfield code="a">ncf</subfield>
    <subfield code="b">microfilm holdings</subfield>
  </datafield>
  <datafield ind1=" " ind2=" " tag="985">
    <subfield code="a">serpull/chronam</subfield>
    <subfield code="e">ndnp</subfield>
  </datafield>
  <datafield ind1=" " ind2=" " tag="991">
    <subfield code="b">c-Ser</subfield>
    <subfield code="h">Newspaper</subfield>
    <subfield code="w">SERIALS</subfield>
  </datafield>
</record>
